| 000 | 00513cam a2200205ua 4500 | ||
|---|---|---|---|
| 020 | _c19.50 | ||
| 041 |
_aeng _h |
||
| 082 |
_a539 _bRIC/IN |
||
| 100 | _aRichtmyer, F.K . | ||
| 245 | 0 | 0 |
_aIntroduction to modern physics / _cF.K.Richtmyer. _hTextual Documents |
| 250 |
_a5 / _b. |
||
| 260 |
_aNew York : _bMc Graw Hill Book Company , _c1995. |
||
| 300 | _a666 ; . | ||
| 365 | _a19.50 | ||
| 504 | _a | ||
| 700 | 1 | _aKennard, E.H . | |
| 700 | 1 | _aLauritsen, T . | |
| 942 | _cBK | ||
| 999 |
_c1662 _d1662 |
||